"Name A State" Trivia - Statistics

General Stats
  • This quiz has been taken 14 times
  • The average score is 12 of 15
Answer Stats
Hint Answer % Correct
Name A State Bordering The Gulf Of Mexico Florida | Alabama | Mississippi | Louisiana | Texas
100%
Name A State With A Building Over 1000 Feet Tall New York | Illinois | California | Georgia | Pennsylvania | Texas
100%
Name A State Without Yellow In Its Flag Alabama | Arkansas | California | Hawaii | Ohio | South Carolina | Tennessee | Texas | Wyoming
92%
Name A State Containing Areas With N Coordinates Greater Than 45 Alaska | Maine | New Hampshire | Vermont | New York | Michigan | Wisconsin | Minnesota | South Dakota | North Dakota | Montana | Idaho | Oregon | Washington
92%
Name A State With Greater Than 30 Representatives In Congress California | Texas
92%
Name A State With A Population Under 1 Million Delaware | South Dakota | North Dakota | Alaska | Vermont | Wyoming
92%
Name One Of The Original 13 Colonies Virginia | New York | Massachusetts | Rhode Island | Connecticut | New Hampshire | Delaware | North Carolina | South Carolina | New Jersey | Pennsylvania | Georgia
92%
Name A State Containing Greater Than 10,000 Miles Of Surface Water Alaska | Florida | Michigan | Wisconsin
85%
Name A State With A Life Expectancy Of 80 (Max Life Expectancy In US) California | Hawaii | New York | Massachusetts | Minnesota | Connecticut | New Jersey | Colorado | Washington
85%
Name A State Containing Areas With N Coordinates Less Than 30 Louisiana | Texas | Florida | Hawaii
85%
Name A State With An Unemployment Rate Above 4% Nevada | Illinois | Delaware | Pennsylvania | New York | Washington | Oregon | Connecticut | California | Michigan
69%
Name A State With A Life Expectancy Under 75 West Virginia | Mississippi
69%
Name A State Without A Cracker Barrel Restaurant Hawaii | Alaska | Washington | Vermont | Wyoming
62%
Name A State With Over $20,000 Per Student Spent On Average Within A K-12 Public School New York | New Jersey | Vermont | Connecticut
62%
Name State With A Homeless Population Under 1,000 North Dakota | South Dakota | Colorado
38%
No matching quizzes found
Score Distribution
Percent of People with Each Score
Percentile by Number Answered
Your Score History
You have not taken this quiz